[Event "FRA-chT4 0506"]
[Site "Bretagne"]
[Date "2005.11.20"]
[Round "2"]
[White "Le Gay, Pascal"]
[Black "Cougoulic, Alexandre"]
[Result "0-1"]
[WhiteElo "1550"]
[BlackElo "1770"]
[PlyCount "52"]
[EventDate "2005.10.16"]
[EventType "team"]
[EventRounds "7"]
[EventCountry "FRA"]
[SourceTitle "EXT 2007"]
[Source "ChessBase"]
[SourceDate "2006.11.23"]
[SourceVersion "1"]
[SourceVersionDate "2006.11.23"]
[SourceQuality "1"]

1. d4 d5 2. c4 e6 3. Nc3 Nf6 4. Bg5 Be7 5. Bxf6 Bxf6 6. e3 0-0 7. Nf3 dxc4 8. Bxc4 b6 9. 0-0 Bb7 10. Rc1 Nd7 11. Re1 a6 12. Bd3 c5 13. Bb1 cxd4 14. Qd3 g6 15. exd4 b5 16. b4 Nb6 17. Ne5 Bxe5 18. Rxe5 Nc4 19. Rh5 f5 20. Rh3 Qg5 21. Rg3 Qxc1+ 22. Qd1 Qxd1+ 23. Nxd1 Rad8 24. Rd3 Be4 25. Rb3 Rxd4 26. Bxe4 Rxd1# 0-1

[Event "FRA-chT4 0405"]
[Site "Bretagne"]
[Date "2005.04.03"]
[Round "7"]
[White "Chwal, Joseph"]
[Black "Cougoulic, Alexandre"]
[Result "0-1"]
[WhiteElo "1610"]
[BlackElo "1720"]
[PlyCount "70"]
[EventDate "2004.04.03"]
[EventType "team"]
[EventRounds "7"]
[EventCountry "FRA"]
[SourceTitle "EXT 2007"]
[Source "ChessBase"]
[SourceDate "2006.11.23"]
[SourceVersion "1"]
[SourceVersionDate "2006.11.23"]
[SourceQuality "1"]

1. d4 d5 2. c4 e6 3. Nf3 Nf6 4. Nc3 Be7 5. Bg5 0-0 6. cxd5 exd5 7. Qc2 h6 8. Bh4 c6 9. e3 Be6 10. Bd3 Nbd7 11. Bg3 Nh5 12. Rb1 Nxg3 13. hxg3 Re8 14. b4 Rc8 15. a4 b6 16. 0-0 c5 17. Ba6 cxb4 18. Bxc8 Qxc8 19. Rb3 bxc3 20. Rxc3 Qa6 21. Rc1 Nf6 22. Ne5 Ne4 23. Rc7 Bd6 24. Rc6 Bxe5 25. dxe5 Nc5 26. Ra1 Bd7 27. Rc7 Rxe5 28. Qc3 Re4 29. f3 Rxa4 30. Rxa4 Qxa4 31. Qe5 Be6 32. Qd6 Nd3 33. Qd8+ Kh7 34. Re7 Qa2 35. Kh2 Ne1 0-1

[Event "FRA-chT4 0405"]
[Site "Bretagne"]
[Date "2004.12.05"]
[Round "3"]
[White "Lenoir, Pierre"]
[Black "Cougoulic, Alexandre"]
[Result "1-0"]
[WhiteElo "1840"]
[BlackElo "1640"]
[PlyCount "113"]
[EventDate "2004.04.03"]
[EventType "team"]
[EventRounds "7"]
[EventCountry "FRA"]
[SourceTitle "EXT 2007"]
[Source "ChessBase"]
[SourceDate "2006.11.23"]
[SourceVersion "1"]
[SourceVersionDate "2006.11.23"]
[SourceQuality "1"]

1. e4 c6 2. d4 d5 3. Nc3 dxe4 4. Nxe4 Bf5 5. Bd3 Qxd4 6. Nf3 Qd8 7. 0-0 Bxe4 8. Bxe4 Nd7 9. Be3 Ngf6 10. Bd3 e6 11. Qe2 Bd6 12. Rad1 Qc7 13. h3 Nd5 14. c3 0-0 15. Ng5 N7f6 16. Qc2 h6 17. Nh7 Nxh7 18. Bxh7+ Kh8 19. Be4 Nf6 20. Bf3 Bf4 21. Bd4 Be5 22. Rfe1 Bxd4 23. Rxd4 Rad8 24. Rh4 Qa5 25. Ra4 Qg5 26. Rxa7 Rd2 27. Qc1 Rfd8 28. Rxb7 Nh5 29. Rxf7 Nf4 30. Rxf4 Qxf4 31. Qb1 Qh4 32. Rf1 R8d3 33. Bxc6 Qg5 34. Qe1 Rd1 35. Qxd1 Rxd1 36. Rxd1 Qa5 37. a4 Qc7 38. Bb5 Kg8 39. g3 Qe5 40. Bf1 Qe4 41. Rd4 Qc2 42. Rb4 Qf5 43. Rb5 e5 44. a5 Qe6 45. a6 Kh7 46. a7 Qa6 47. Rxe5 Qxa7 48. b4 Qa3 49. Re3 Kg6 50. b5 Qb3 51. c4 Qb4 52. Re6+ Kf5 53. Rc6 Ke5 54. Rg6 Qe7 55. b6 Qf7 56. Rc6 Qb7 57. Bg2 1-0

[Event "Morbihan-ch 0304"]
[Site "Morbihan"]
[Date "2004.03.06"]
[Round "5"]
[White "Le Meur, Jean Yves"]
[Black "Cougoulic, Alexandre"]
[Result "1-0"]
[WhiteElo "1620"]
[BlackElo "1600"]
[PlyCount "99"]
[EventDate "2003.10.??"]
[EventType "swiss"]
[EventRounds "7"]
[EventCountry "FRA"]
[SourceTitle "EXT 2005"]
[Source "ChessBase"]
[SourceDate "2004.11.15"]
[SourceVersion "1"]
[SourceVersionDate "2004.11.15"]
[SourceQuality "1"]

1. c4 e5 2. Nc3 Nc6 3. g3 g6 4. Bg2 Bg7 5. d3 Nge7 6. Nf3 0-0 7. 0-0 d6 8. Rb1 a5 9. a3 f5 10. Bd2 h6 11. Qc1 g5 12. e4 f4 13. b4 axb4 14. axb4 Ng6 15. b5 Nce7 16. Rd1 g4 17. Ne1 h5 18. f3 gxf3 19. Nxf3 Bg4 20. Rf1 Qd7 21. Nd5 Nxd5 22. cxd5 fxg3 23. hxg3 Bxf3 24. Bxf3 h4 25. Qd1 hxg3 26. Bg4 Rxf1+ 27. Kxf1 Rf8+ 28. Kg1 Qe7 29. Be6+ Rf7 30. Qg4 Qh4 31. Bxf7+ Kxf7 32. Rf1+ Kg8 33. Qxh4 Nxh4 34. Be1 Bh6 35. Bxg3 Ng6 36. Ra1 Be3+ 37. Kf1 Nf4 38. Bxf4 exf4 39. Ke2 Kf7 40. Ra2 Kf6 41. Rc2 Bb6 42. Kf3 Ke5 43. Rc4 Bc5 44. Ra4 b6 45. Rc4 Bd4 46. Rxc7 Bc5 47. Rh7 Kd4 48. Kxf4 Kxd3 49. e5 dxe5+ 50. Kxe5 1-0

[Event "FRA-chT4 0304"]
[Site "Bretagne"]
[Date "2004.01.18"]
[Round "4"]
[White "Martin, Yvon"]
[Black "Cougoulic, Alexandre"]
[Result "1/2-1/2"]
[WhiteElo "1700"]
[BlackElo "1600"]
[PlyCount "37"]
[EventDate "2003.10.12"]
[EventType "team"]
[EventRounds "9"]
[EventCountry "FRA"]
[SourceTitle "EXT 2005"]
[Source "ChessBase"]
[SourceDate "2004.11.15"]
[SourceVersion "1"]
[SourceVersionDate "2004.11.15"]
[SourceQuality "1"]

1. d4 d5 2. c4 e6 3. Nc3 Nf6 4. Bf4 Be7 5. Qc2 0-0 6. e3 c6 7. Nf3 Nbd7 8. Ne5 dxc4 9. Bxc4 Nb6 10. Bd3 Nbd5 11. Nxd5 exd5 12. 0-0 h6 13. Rac1 Nh5 14. Bg3 Nxg3 15. hxg3 Bd6 16. Bf5 Qe7 17. Bxc8 Raxc8 18. Nd3 Bxg3 19. fxg3 1/2-1/2

[Event "Morbihan-ch 0304"]
[Site "Morbihan"]
[Date "2004.01.10"]
[Round "4"]
[White "Cougoulic, Alexandre"]
[Black "Audren, Jean"]
[Result "1/2-1/2"]
[WhiteElo "1600"]
[BlackElo "1490"]
[PlyCount "88"]
[EventDate "2003.10.??"]
[EventType "swiss"]
[EventRounds "7"]
[EventCountry "FRA"]
[SourceTitle "EXT 2005"]
[Source "ChessBase"]
[SourceDate "2004.11.15"]
[SourceVersion "1"]
[SourceVersionDate "2004.11.15"]
[SourceQuality "1"]

1. e4 e5 2. Nf3 Nc6 3. d4 exd4 4. Nxd4 Ne5 5. Be2 Nf6 6. f4 Ng6 7. f5 Ne7 8. Nc3 c5 9. Nf3 d6 10. Bg5 Nc6 11. Nd5 Be7 12. Nxe7 Qxe7 13. 0-0 0-0 14. Bxf6 Qxf6 15. c3 Re8 16. Qc2 b6 17. Rad1 Bb7 18. Bc4 Ne7 19. Rd2 a6 20. Rfd1 Rad8 21. a4 Nc8 22. Bd5 Qe7 23. Bxb7 Qxb7 24. Rd5 Qe7 25. Re1 f6 26. Qd3 Qb7 27. Qc4 Kf8 28. Qd3 b5 29. axb5 axb5 30. Ra1 Qb6 31. Qc2 Qc6 32. Re1 Nb6 33. Rdd1 Nc4 34. b3 Ne5 35. Nxe5 Rxe5 36. Re2 c4 37. bxc4 bxc4 38. Rde1 d5 39. exd5 Rdxd5 40. Rxe5 Rxe5 41. Rxe5 fxe5 42. Qe2 e4 43. Qe3 Kf7 44. Kf2 Qd5 1/2-1/2

[Event "Morbihan-ch 0203"]
[Site "Morbihan"]
[Date "2003.02.08"]
[Round "5"]
[White "Gueguen, Patrick"]
[Black "Cougoulic, Alexandre"]
[Result "0-1"]
[WhiteElo "1530"]
[BlackElo "1520"]
[PlyCount "84"]
[EventDate "2002.10.19"]
[EventType "swiss"]
[EventRounds "7"]
[EventCountry "FRA"]
[SourceTitle "EXT 2008"]
[Source "ChessBase"]
[SourceDate "2007.11.25"]
[SourceVersion "1"]
[SourceVersionDate "2007.11.25"]
[SourceQuality "1"]

1. d4 d5 2. c4 e6 3. Nc3 Nf6 4. Bg5 Be7 5. Nf3 0-0 6. e3 b6 7. cxd5 exd5 8. Bd3 Bb7 9. 0-0 c5 10. b3 h6 11. Bxf6 Bxf6 12. Bc2 g6 13. Qd2 Na6 14. a3 Nc7 15. Rae1 Bg7 16. Qd3 Ba6 17. Qd2 Bxf1 18. Rxf1 Re8 19. Re1 Qd7 20. a4 Re7 21. Ne2 Ne6 22. e4 dxe4 23. Bxe4 Rd8 24. d5 Nc7 25. Nf4 Ne8 26. Nh4 Nf6 27. Qd3 Nxe4 28. Rxe4 Rxe4 29. Qxe4 Re8 30. Qb1 g5 31. Nh5 gxh4 32. Nxg7 Kxg7 33. Qd1 Qxd5 34. Qg4+ Qg5 35. Qd1 Rd8 36. Qe1 h3 37. g3 Qd5 38. Qc3+ Qd4 39. Qxd4+ cxd4 40. Kf1 d3 41. Ke1 d2+ 42. Kd1 Kg6 0-1

[Event "Morbihan-ch 0102"]
[Site "Morbihan"]
[Date "2002.01.26"]
[Round "4"]
[White "Eveillard, Cassandre"]
[Black "Cougoulic, Alexandre"]
[Result "0-1"]
[WhiteElo "1410"]
[BlackElo "1470"]
[PlyCount "88"]
[EventDate "2001.10.20"]
[EventType "swiss"]
[EventRounds "7"]
[EventCountry "FRA"]
[SourceTitle "EXT 2005"]
[Source "ChessBase"]
[SourceDate "2004.11.15"]
[SourceVersion "1"]
[SourceVersionDate "2004.11.15"]
[SourceQuality "1"]

1. e4 e5 2. Nf3 Nc6 3. Bc4 Bc5 4. 0-0 d6 5. Nc3 Bg4 6. d3 Nd4 7. Bxf7+ Kxf7 8. Nxe5+ dxe5 9. Qxg4 Nf6 10. Qd1 Rf8 11. Bg5 Qd6 12. Kh1 Kg8 13. Na4 Rad8 14. c3 Ne6 15. Qb3 Kh8 16. Bh4 Qc6 17. Rad1 a6 18. Bg3 b5 19. Nxc5 Nxc5 20. Qc2 Rfe8 21. Qe2 Qe6 22. Qe3 Qc6 23. f3 Nfd7 24. d4 exd4 25. Rxd4 Nb6 26. b3 Rxd4 27. Qxd4 Nb7 28. Re1 Rd8 29. Qe5 Qd6 30. h3 Qxe5 31. Bxe5 Rd7 32. Bg3 c5 33. e5 Re7 34. f4 g6 35. Bf2 Nd5 36. g3 Nxc3 37. a3 b4 38. axb4 cxb4 39. e6 Nd8 40. Bc5 Rxe6 41. Rxe6 Nxe6 42. Bxb4 Ne2 43. Kg2 Kg8 44. Bd2 N2d4 0-1